000
00284nam a22001217a 4500
008
181031b xxu||||| |||| 00| 0 eng d
041
_a
eng
080
_a
530
100
_a
43
101
_a
FIZ
245
_a
Theory of X-Ray Diffraction in Crystals
_c
Zachariasen,W.H
942
_2
udc
_c
BK
999
_c
51220
_d
51220